000 00415nam a22001337a 4500
020 _a9789327219951
082 _a332.1
100 _aPaul R. R
245 _aMoney, banking, and public finance
260 _aLudhiana
_bKalyani publishers
_c2004
300 _a249p
942 _cBK
999 _c3520
_d3520